000 00270nam a2200097Ia 4500
008 200302s9999 xx 000 0 und d
100 _aIgreja De S. Paulo & other
245 _aSt. Paul's Church - Fortress of the Monte
260 _bImprensa Oficial de Macau
260 _c1990
999 _c2297
_d2297